Provinces and Regions of China Quiz Stats

 Plays Quiz not verified by Sporcle

Challenge
Share
Tweet
Embed
Score 0/33 Timer 10:00
0 Plays Today
% Correct
Beijing
95.9%
Tibet
93.9%
Guangdong
91.8%
Shanghai
87.5%
Tianjin
83.7%
Hebei
81.6%
Hong Kong
79.6%
Hubei
79.6%
Hunan
77.6%
Macau
77.6%
Henan
75.5%
Jilin
75.5%
Shanxi
75.5%
Shaanxi
75.5%
Guangxi
73.5%
Sichuan
73.5%
Xinjiang
73.5%
% Correct
Chongqing
71.4%
Fujian
71.4%
Hainan
71.4%
Heilongjiang
71.4%
Yunnan
71.4%
Shandong
70.8%
Gansu
69.4%
Neimongol
69.4%
Liaoning
69.4%
Tibet
67.3%
Guizhou
67.3%
Jiangsu
67.3%
Ningxia
67.3%
Qinghai
67.3%
Jiangxi
65.3%
Zhejiang
65.3%

You're not logged in!

Compare scores with friends on all Sporcle quizzes.
OR
Log In

You Might Also Like...

Show Comments

Extras

Created Jun 5, 2012ReportNominate
Tags:china, province, region

Top Quizzes Today


Score Distribution

Your Account Isn't Verified!

In order to create a playlist on Sporcle, you need to verify the email address you used during registration. Go to your Sporcle Settings to finish the process.

Report this User

Report this user for behavior that violates our Community Guidelines.

Details: